Excellence in management
| Main Author: | |
|---|---|
| Other Authors: | |
| Format: | Book |
| Published: |
Singapore :
Federal Publication ,
1982
|
| Subjects: |
MARC
| LEADER | 00000cam a2200000 7i4500 | ||
|---|---|---|---|
| 001 | 0000004388 | ||
| 005 | 20021115.0 | ||
| 040 | |a INS | ||
| 090 | 0 | 0 | |a HD31. |b P247 1982 |
| 100 | 1 | |a Parkinson, C. Northcote | |
| 245 | 1 | 0 | |a Excellence in management |c C. Northcote Parkinson and M K Rustomji |
| 260 | |a Singapore : |b Federal Publication , |c 1982 | ||
| 300 | |a ix, 182p : |b ill ; |c 18.6 cm. | ||
| 650 | 0 | 0 | |a Management |x Study and teaching |
| 700 | 1 | |a Rustomji, M. K. | |
| 999 | |a 0000000108 |b BOOK |c Open Shelf |e Default branch | ||
| 999 | |a 0000023184 |b BOOK |c Open Shelf |e Default branch | ||